000 00563nam a22001937a 4500
005 20251108173242.0
008 250721s2005 xx 000 0 ara d
082 1 4 _a817/ناد
100 1 _aنادر، موسى
245 1 0 _a1000 نكتة من نكت المساطيل والمسجات /
264 1 _aعمان :
_bدار الإسراء للنشر والتوزيع،
_c2005.
300 _a80ص
650 1 7 _aالنوادر
650 1 7 _aالأدب العربي
650 1 7 _aالفكاهة
650 1 7 _aالضحك
942 _2ddc
_cBK
999 _c99591
_d99591